[Event "Catalunya-chT Gp2"]
[Site "Barcelona"]
[Date "2024.02.24"]
[Round "6.2"]
[White "Movsziszian, Karen"]
[Black "Aloma Vidal, Roberto"]
[Result "1-0"]
[WhiteElo "2434"]
[BlackElo "2446"]
[PlyCount "123"]
[EventDate "2024.01.20"]
[EventType "team-tourn"]
[EventRounds "7"]
[EventCountry "ESP"]
[SourceTitle "CB11_2024"]
[SourceDate "2024.03.13"]
[SourceVersion "1"]
[SourceVersionDate "2024.03.13"]
[SourceQuality "1"]
[WhiteTeam "Sant Andreu"]
[BlackTeam "Barcelona Escacs CC"]
[WhiteTeamCountry "ESP"]
[BlackTeamCountry "ESP"]

1. g3 e5 2. Bg2 d5 3. d3 c5 4. Nf3 Nc6 5. 0-0 Be7 6. c4 Nf6 7. Nc3 d4 8. Na4 0-0 9. e4 a6 10. b3 b5 11. Nb2 Ne8 12. Ne1 Nc7 13. f4 exf4 14. gxf4 f5 15. e5 Bb7 16. Bd2 Kh8 17. Qh5 g6 18. Qh6 Rf7 19. Nf3 Ne6 20. Rf2 Nb4 21. Bc1 bxc4 22. bxc4 Rb8 23. Qh3 a5 24. Qg3 a4 25. a3 Nc6 26. Nxa4 Qa5 27. Nb2 Ba8 28. Nd1 Qa4 29. Rf1 Na5 30. Qf2 Rff8 31. Qd2 Nb3 32. Qc2 Qa6 33. Ra2 Bc6 34. a4 Rb4 35. a5 Nxc1 36. Qxc1 Ra8 37. Nf2 Qb7 38. Nh3 Ra6 39. Qe1 Rb3 40. Qe2 Qb4 41. Nfg5 Nxg5 42. Nxg5 Qb7 43. e6 Qc7 44. Bxc6 Rxc6 45. a6 Rb8 46. a7 Ra8 47. Rb1 Kg7 48. Qf3 Qc8 49. Qd5 Rc7 50. Rba1 Rc6 51. Rb1 Rc7 52. Rba1 Rc6 53. Re1 Qc7 54. Nf7 Bf6 55. Ne5 Bxe5 56. Rxe5 Qb6 57. Qd7+ Kh6 58. Re1 Rc7 59. Qb5 Qd6 60. Qb8 Qc6 61. e7 Rc8 62. e8Q 1-0

[Event "Catalunya-chT Gp2"]
[Site "Barcelona"]
[Date "2024.01.27"]
[Round "2.1"]
[White "Cuartas Medina, Jorge Humberto"]
[Black "Movsziszian, Karen"]
[Result "1-0"]
[WhiteElo "2284"]
[BlackElo "2434"]
[PlyCount "69"]
[EventDate "2024.01.20"]
[EventType "team-tourn"]
[EventRounds "7"]
[EventCountry "ESP"]
[SourceTitle "CB06_2024"]
[SourceDate "2024.02.07"]
[SourceVersion "1"]
[SourceVersionDate "2024.02.07"]
[SourceQuality "1"]
[WhiteTeam "Barbera"]
[BlackTeam "Sant Andreu"]
[WhiteTeamCountry "ESP"]
[BlackTeamCountry "ESP"]

1. d4 d6 2. e4 Nf6 3. Nc3 g6 4. f4 Bg7 5. Nf3 c5 6. dxc5 Qa5 7. Bd3 Qxc5 8. Qe2 Bg4 9. Be3 Qa5 10. 0-0 Nc6 11. h3 Bxf3 12. Qxf3 0-0 13. a3 Nd7 14. Nd1 Qc7 15. c3 Na5 16. Nf2 Nc4 17. Bc1 b5 18. Qe2 a6 19. Ng4 Rac8 20. Ne3 Ndb6 21. Kh1 Rfe8 22. Nxc4 Nxc4 23. a4 Qc5 24. Ra2 d5 25. e5 d4 26. axb5 axb5 27. cxd4 Qb4 28. f5 e6 29. fxe6 fxe6 30. Ra6 Ra8 31. Qf3 Rad8 32. Qf7+ Kh8 33. Ra7 Qf8 34. Qc7 Qg8 35. Rf7 1-0

[Event "Benasque op 42nd"]
[Site "Benasque"]
[Date "2023.07.08"]
[Round "5"]
[White "Movsziszian, Karen"]
[Black "Sadhwani, Raunak"]
[Result "0-1"]
[WhiteElo "2477"]
[BlackElo "2608"]
[PlyCount "90"]
[EventDate "2023.07.05"]
[EventType "swiss"]
[EventRounds "9"]
[EventCountry "ESP"]
[SourceTitle "EXT 2024"]
[Source "ChessBase"]
[SourceDate "2023.10.10"]
[SourceVersion "1"]
[SourceVersionDate "2023.10.10"]
[SourceQuality "1"]

1. g3 d5 2. Nf3 g6 3. Bg2 Bg7 4. 0-0 e5 5. d3 Nc6 6. c3 a5 7. a4 Nf6 8. Qc2 0-0 9. e4 h6 10. Na3 Be6 11. Nb5 Qd7 12. Be3 Bg4 13. Rfe1 Rad8 14. Bc5 Rfe8 15. h3 Be6 16. Kh2 Nh7 17. Rad1 f5 18. Nh4 Qf7 19. exf5 gxf5 20. f4 e4 21. c4 Nf6 22. cxd5 Bxd5 23. Qf2 exd3 24. Rxe8+ Rxe8 25. Bxd5 Qxd5 26. Nxc7 Qb3 27. Nxe8 Qxd1 28. Nxf6+ Bxf6 29. Nxf5 Qc2 30. Be3 Bxb2 31. Kg2 Bc3 32. Bc5 Nb4 33. Ne3 Qxa4 34. Bxb4 axb4 35. Qf3 Qa2+ 36. Kf1 Qe6 37. f5 Qe5 38. Ng4 Qe1+ 39. Kg2 Qe2+ 40. Nf2 Qxf3+ 41. Kxf3 b3 42. Nxd3 b2 43. Nxb2 Bxb2 44. h4 Bf6 45. Ke4 h5 0-1

[Event "Elllobregat op 3rd"]
[Site "Sant Boi de Llobregat"]
[Date "2022.12.06"]
[Round "7"]
[White "Movsziszian, Karen"]
[Black "Maurizzi, Marc Andria"]
[Result "1-0"]
[WhiteElo "2477"]
[BlackElo "2526"]
[PlyCount "75"]
[EventDate "2022.11.30"]
[EventType "swiss"]
[EventRounds "9"]
[EventCountry "ESP"]
[SourceTitle "CBM 211 Extra"]
[Source "ChessBase"]
[SourceDate "2023.01.31"]
[SourceVersion "1"]
[SourceVersionDate "2023.01.31"]
[SourceQuality "1"]

1. g3 e5 2. c4 c6 3. Nf3 e4 4. Nd4 d5 5. cxd5 Qxd5 6. e3 Nf6 7. Nc3 Qe5 8. Bg2 Bc5 9. d3 exd3 10. Qxd3 0-0 11. 0-0 Rd8 12. Nf3 Qe7 13. Qc2 Bg4 14. a3 a5 15. Na4 Nbd7 16. h3 Be6 17. Ng5 Bd6 18. Bd2 Ne5 19. Nxe6 Qxe6 20. Rfd1 h5 21. Bc3 h4 22. g4 Re8 23. Bd4 Ned7 24. Nc3 Rad8 25. Rd2 Bc7 26. Rad1 Ne5 27. b3 Qe7 28. Na4 Nfd7 29. b4 axb4 30. axb4 Ra8 31. Nc5 Nxc5 32. Bxc5 Qf6 33. f4 Ng6 34. g5 Qe6 35. f5 Qe5 36. fxg6 Qh2+ 37. Kf1 b6 38. gxf7+ 1-0

[Event "Elllobregat op 3rd"]
[Site "Sant Boi de Llobregat"]
[Date "2022.12.05"]
[Round "6"]
[White "Aryan, Chopra"]
[Black "Movsziszian, Karen"]
[Result "1-0"]
[WhiteElo "2618"]
[BlackElo "2477"]
[PlyCount "69"]
[EventDate "2022.11.30"]
[EventType "swiss"]
[EventRounds "9"]
[EventCountry "ESP"]
[SourceTitle "CBM 211 Extra"]
[Source "ChessBase"]
[SourceDate "2023.01.31"]
[SourceVersion "1"]
[SourceVersionDate "2023.01.31"]
[SourceQuality "1"]

1. e4 g6 2. d4 d6 3. Nc3 Bg7 4. f4 Nf6 5. Bd3 Nc6 6. Nf3 Bg4 7. Be3 e5 8. dxe5 dxe5 9. Qd2 exf4 10. Bxf4 0-0 11. 0-0-0 Nd4 12. e5 Nh5 13. Bg5 Qd7 14. Be4 c5 15. h3 Bxf3 16. Bxf3 Bxe5 17. Bxh5 gxh5 18. Bh6 Rfe8 19. Qg5+ Kh8 20. Rhf1 Qe6 21. Qxh5 Qg6 22. Qxg6 fxg6 23. Rf7 Nf5 24. Bg5 h6 25. Bd2 b6 26. g4 Nd6 27. Rd7 g5 28. Nd5 Rad8 29. Rxd8 Rxd8 30. b3 Ne4 31. c4 Nf2 32. Rf1 Rf8 33. Kc2 Kg7 34. Ne7 Nxh3 35. Rxf8 1-0

[Event "Elllobregat op 3rd"]
[Site "Sant Boi de Llobregat"]
[Date "2022.12.04"]
[Round "5"]
[White "Movsziszian, Karen"]
[Black "Svane, Frederik"]
[Result "1-0"]
[WhiteElo "2477"]
[BlackElo "2568"]
[PlyCount "117"]
[EventDate "2022.11.30"]
[EventType "swiss"]
[EventRounds "9"]
[EventCountry "ESP"]
[SourceTitle "CBM 211 Extra"]
[Source "ChessBase"]
[SourceDate "2023.01.31"]
[SourceVersion "1"]
[SourceVersionDate "2023.01.31"]
[SourceQuality "1"]

1. g3 e5 2. c4 c6 3. Nf3 e4 4. Nd4 d5 5. cxd5 Qxd5 6. Nc2 Nf6 7. Nc3 Qe5 8. Bg2 Na6 9. 0-0 Be7 10. Ne3 0-0 11. Qc2 Nb4 12. Qb1 Qh5 13. Re1 Nbd5 14. Nxe4 Nxe3 15. Nxf6+ Bxf6 16. dxe3 Rd8 17. a4 Be6 18. e4 Rd4 19. f4 Qa5 20. Be3 Rxa4 21. e5 Be7 22. Rxa4 Qxa4 23. f5 Ba2 24. Qe4 Qxe4 25. Bxe4 Bb3 26. Kf2 g6 27. f6 Bb4 28. Rc1 a5 29. h4 Re8 30. Bf4 Rd8 31. Bd3 Be6 32. h5 Kf8 33. Rh1 Ke8 34. hxg6 hxg6 35. Rh7 Bc5+ 36. Kf3 Bd5+ 37. Kg4 Kd7 38. Kg5 Re8 39. e4 Be6 40. Be2 Bd4 41. Rh1 Rd8 42. Rd1 c5 43. Bb5+ Kc8 44. Kh6 Bxb2 45. Rb1 Bd4 46. Kg7 Kc7 47. Rc1 Ra8 48. Bc4 a4 49. Bxe6 fxe6 50. f7 a3 51. f8Q Rxf8 52. Kxf8 b5 53. Ke7 b4 54. Kxe6 b3 55. Kf7 b2 56. e6+ Kb6 57. e7 bxc1Q 58. Bxc1 a2 59. e8Q 1-0

[Event "Elllobregat op 3rd"]
[Site "Sant Boi de Llobregat"]
[Date "2022.12.01"]
[Round "2"]
[White "Movsziszian, Karen"]
[Black "Niemann, Hans Moke"]
[Result "0-1"]
[WhiteElo "2477"]
[BlackElo "2699"]
[PlyCount "114"]
[EventDate "2022.11.30"]
[EventType "swiss"]
[EventRounds "9"]
[EventCountry "ESP"]
[SourceTitle "CBM 211 Extra"]
[Source "ChessBase"]
[SourceDate "2023.01.31"]
[SourceVersion "1"]
[SourceVersionDate "2023.01.31"]
[SourceQuality "1"]

1. g3 e5 2. Bg2 d5 3. d3 Nf6 4. Nf3 Bd6 5. 0-0 0-0 6. c4 c6 7. cxd5 cxd5 8. Bg5 Nbd7 9. Nc3 h6 10. Bxf6 Nxf6 11. d4 e4 12. Ne5 Qe7 13. Qb3 Bxe5 14. dxe5 Qxe5 15. Rfd1 Rd8 16. e3 Bg4 17. Rd4 Rd7 18. h3 Be6 19. Rad1 Rc8 20. Qb5 a6 21. Qa5 Qf5 22. R4d2 Rdc7 23. Ne2 Qh5 24. Nf4 Qe5 25. Qb6 g5 26. Ne2 Nd7 27. Qa5 Nf6 28. Nc3 Rc5 29. Qb4 R8c7 30. a4 Kg7 31. Bf1 h5 32. Qd4 Qxd4 33. Rxd4 Kg6 34. Kg2 Kf5 35. Be2 Ke5 36. g4 h4 37. f3 a5 38. Kf2 exf3 39. Bxf3 Rc4 40. Ke2 Rb4 41. R1d2 Rcc4 42. R4d3 Rb3 43. Kd1 Rc5 44. Kc2 Rb4 45. Rd4 Kd6 46. Kd1 Rxd4 47. Rxd4 Ke5 48. Kd2 b6 49. Kc2 Ne8 50. b4 Rc4 51. bxa5 bxa5 52. Rxc4 dxc4 53. Ne4 f6 54. Nc5 Bd5 55. Bxd5 Kxd5 56. Nb7 Nd6 57. Nxa5 Ke5 0-1

[Event "Merida World Heritage op 2nd"]
[Site "Merida"]
[Date "2022.08.06"]
[Round "7"]
[White "Castellanos Rodriguez, Renier"]
[Black "Movsziszian, Karen"]
[Result "1-0"]
[WhiteElo "2474"]
[BlackElo "2473"]
[PlyCount "135"]
[EventDate "2022.08.02"]
[EventType "swiss"]
[EventRounds "9"]
[EventCountry "ESP"]
[SourceTitle "CBM 209 Extra"]
[Source "ChessBase"]
[SourceDate "2022.09.30"]
[SourceVersion "1"]
[SourceVersionDate "2022.09.30"]
[SourceQuality "1"]

1. e4 d6 2. d4 Nf6 3. Nc3 g6 4. Be3 c6 5. Qd2 Nbd7 6. Nf3 e5 7. a4 Ng4 8. Bg5 f6 9. Bh4 Bh6 10. Qd1 Bg7 11. Bc4 Qe7 12. 0-0 Nh6 13. a5 Nf7 14. d5 0-0 15. Nd2 a6 16. Re1 c5 17. Bd3 Bh6 18. Nc4 Bg5 19. Bxg5 Nxg5 20. Qd2 Rb8 21. Na4 Rd8 22. Ra3 Nf8 23. Nab6 Bd7 24. Nxd7 Nxd7 25. Rb3 h5 26. h4 Nf7 27. Qe3 Kh7 28. Qh3 Nf8 29. Rb6 Nd7 30. Rb3 Nf8 31. Re3 Qd7 32. Qxd7 Nxd7 33. Be2 Kh6 34. Rf3 Kg7 35. g3 Kf8 36. Nb6 Ke7 37. Nxd7 Rxd7 38. Bxa6 Ra8 39. Bxb7 Rxa5 40. Bc6 Ra1+ 41. Kg2 Rda7 42. Ra3 Nd8 43. Bb5 R7xa3 44. Rxa3 Rb1 45. Ra7+ Kf8 46. b3 Rc1 47. Bd3 Nf7 48. Kf3 g5 49. Kg2 Kg7 50. Bb5 Kf8 51. Be2 gxh4 52. gxh4 Rxc2 53. Bxh5 Nh8 54. Rh7 Kg8 55. Rd7 Rb2 56. Rxd6 Kg7 57. Rc6 Rxb3 58. Rxc5 Rb8 59. Rc7+ Kh6 60. Bf7 Rf8 61. Be6 Ng6 62. Kg3 Nf4 63. Bf5 Nh5+ 64. Kf3 Ng7 65. Kg4 Rg8 66. Rf7 Ne6+ 67. Kh3 Nf4+ 68. Kh2 1-0

[Event "Merida World Heritage op 2nd"]
[Site "Merida"]
[Date "2022.08.04"]
[Round "5"]
[White "Grigoryan, Karen H"]
[Black "Movsziszian, Karen"]
[Result "1-0"]
[WhiteElo "2631"]
[BlackElo "2473"]
[PlyCount "79"]
[EventDate "2022.08.02"]
[EventType "swiss"]
[EventRounds "9"]
[EventCountry "ESP"]
[SourceTitle "CBM 209 Extra"]
[Source "ChessBase"]
[SourceDate "2022.09.30"]
[SourceVersion "1"]
[SourceVersionDate "2022.09.30"]
[SourceQuality "1"]

1. d4 d6 2. Nf3 g6 3. c4 Bg7 4. Nc3 Nf6 5. e4 0-0 6. Be2 e5 7. d5 a5 8. Bg5 h6 9. Be3 Ng4 10. Bd2 f5 11. exf5 Bxf5 12. 0-0 e4 13. Ne1 Qh4 14. Bf4 Be5 15. Bxe5 Nxe5 16. Qd4 c5 17. dxc6 Nbxc6 18. Qe3 Rae8 19. b3 Nb4 20. Qg3 Qf6 21. Rd1 Kh7 22. a3 Na6 23. Nd5 Qg7 24. Nc2 Nc5 25. Nd4 a4 26. b4 Ncd3 27. Ne3 Bd7 28. Bxd3 exd3 29. Nb5 Bxb5 30. cxb5 Qd7 31. f4 Nf7 32. Nd5 Qf5 33. Qxd3 Qxd3 34. Rxd3 Re2 35. Rc1 Kg7 36. Rc7 Rfe8 37. Rxb7 Rb2 38. Re7 Rc8 39. Rc7 Re8 40. Re3 1-0

[Event "Benasque op 41st"]
[Site "Benasque"]
[Date "2022.07.15"]
[Round "10"]
[White "Movsziszian, Karen"]
[Black "Aravindh, Chithambaram VR"]
[Result "0-1"]
[WhiteElo "2463"]
[BlackElo "2608"]
[PlyCount "46"]
[EventDate "2022.07.06"]
[EventType "swiss"]
[EventRounds "10"]
[EventCountry "ESP"]
[SourceTitle "EXT 2023"]
[Source "ChessBase"]
[SourceDate "2022.10.05"]
[SourceVersion "1"]
[SourceVersionDate "2022.10.05"]
[SourceQuality "1"]

1. g3 d5 2. Bg2 Nf6 3. d3 c5 4. e4 Nc6 5. exd5 Nxd5 6. Nc3 Nc7 7. Nf3 e5 8. 0-0 Be7 9. Re1 f6 10. Nh4 0-0 11. f4 Nd4 12. g4 g6 13. f5 gxf5 14. gxf5 Nxf5 15. Nxf5 Bxf5 16. Bh6 Rf7 17. Qf3 Be6 18. Re3 Kh8 19. Rf1 Qd4 20. Qxb7 Bf8 21. Ne2 Bxh6 22. Nxd4 Bxe3+ 23. Kh1 cxd4 0-1

[Event "Benasque op 41st"]
[Site "Benasque"]
[Date "2022.07.11"]
[Round "6"]
[White "Movsziszian, Karen"]
[Black "Hovhannisyan, Robert"]
[Result "1/2-1/2"]
[WhiteElo "2463"]
[BlackElo "2591"]
[PlyCount "145"]
[EventDate "2022.07.06"]
[EventType "swiss"]
[EventRounds "10"]
[EventCountry "ESP"]
[SourceTitle "EXT 2023"]
[Source "ChessBase"]
[SourceDate "2022.10.05"]
[SourceVersion "1"]
[SourceVersionDate "2022.10.05"]
[SourceQuality "1"]

1. Nf3 d5 2. g3 Bg4 3. Bg2 e6 4. 0-0 Nf6 5. d4 Be7 6. Nbd2 h6 7. Re1 Bf5 8. c3 c6 9. Qb3 Qb6 10. Ne5 0-0 11. e4 Bh7 12. h3 Rd8 13. exd5 cxd5 14. Qxb6 axb6 15. Bf1 Nc6 16. Ndf3 Ne4 17. Be3 Nd6 18. Bd3 Bxd3 19. Nxd3 b5 20. a3 Na5 21. Bf4 Ne8 22. g4 Nc4 23. Kg2 Nf6 24. Nfe5 g5 25. Bh2 Kg7 26. Re2 h5 27. f3 hxg4 28. hxg4 Nh7 29. Rae1 Rg8 30. Bg3 Rad8 31. Nf2 Nf8 32. Rh1 Ng6 33. Nxg6 Kxg6 34. Nd3 Rh8 35. Ree1 Rxh1 36. Rxh1 Kg7 37. Be5+ f6 38. Bg3 Rh8 39. Re1 Kf7 40. Re2 Re8 41. Re1 Bf8 42. f4 gxf4 43. Bxf4 Be7 44. Rh1 Kg7 45. Kf3 Rh8 46. Rd1 Kf7 47. Kg2 Rg8 48. Kf3 Rh8 49. Kg2 Ke8 50. Re1 Kd7 51. Re2 Rh4 52. Nf2 Bf8 53. Kg3 Rh7 54. g5 fxg5 55. Bxg5 Rg7 56. Kh4 Nd6 57. Kh5 Nf5 58. Re1 Rh7+ 59. Kg4 Bd6 60. Kf3 Bg3 61. Rh1 Rg7 62. Bf6 Rf7 63. Ng4 Bd6 64. Rh8 Ng3 65. Ke3 Ne4 66. Be5 Rf1 67. Bxd6 Nxd6 68. Ne5+ Kc7 69. Rh7+ Kb6 70. Nd7+ Kc6 71. Ne5+ Kb6 72. Nd7+ Kc6 73. Ne5+ 1/2-1/2

[Event "Cassis op 1st"]
[Site "Cassis"]
[Date "2022.05.27"]
[Round "3"]
[White "Movsziszian, Karen"]
[Black "Kuhn, Clement"]
[Result "0-1"]
[WhiteElo "2467"]
[BlackElo "2280"]
[PlyCount "118"]
[EventDate "2022.05.26"]
[EventType "swiss"]
[EventRounds "7"]
[EventCountry "FRA"]
[SourceTitle "CBM 208 Extra"]
[Source "ChessBase"]
[SourceDate "2022.07.31"]
[SourceVersion "1"]
[SourceVersionDate "2022.07.31"]
[SourceQuality "1"]

1. g3 c5 2. Bg2 Nc6 3. e4 g6 4. d3 Bg7 5. f4 d6 6. Nh3 e6 7. 0-0 Nge7 8. c3 0-0 9. Nd2 Rb8 10. Nf3 b5 11. a3 h6 12. Be3 c4 13. d4 f5 14. Nf2 fxe4 15. Nxe4 Nd5 16. Bf2 Nce7 17. Qc2 a5 18. Rfe1 Nf5 19. Re2 Qc7 20. Ned2 Kh7 21. h4 Kg8 22. Rae1 b4 23. Nh2 bxc3 24. bxc3 Nfe7 25. Nhf1 Bf6 26. Ne3 Kg7 27. Bf1 Nxe3 28. Rxe3 Nf5 29. R3e2 h5 30. Bg2 d5 31. Rb1 Bd7 32. Nf3 Qd6 33. Ree1 Qxa3 34. Ra1 Qb3 35. Qd2 a4 36. Ne5 Bxe5 37. dxe5 Qb2 38. Red1 Qxd2 39. Rxd2 Rb3 40. Rc2 Rfb8 41. Rcc1 Rb2 42. Bh3 R8b3 43. Bxf5 gxf5 44. Bc5 Bc6 45. Kf1 Kf7 46. Ra3 Ke8 47. Rca1 Rc2 48. Bd4 Rbb2 49. Re1 Rh2 50. Kg1 Rhg2+ 51. Kf1 Rxg3 52. Re2 Rxe2 53. Kxe2 Rg4 54. Ke3 Rxh4 55. Ra1 Rh2 56. Bb6 h4 57. Ba5 h3 58. Kd4 Rg2 59. Kc5 h2 0-1

[Event "Barcelona 7th"]
[Site "Barcelona"]
[Date "2022.05.14"]
[Round "8"]
[White "Gines Esteo, Pedro Antonio"]
[Black "Movsziszian, Karen"]
[Result "1/2-1/2"]
[WhiteElo "2434"]
[BlackElo "2467"]
[PlyCount "40"]
[EventDate "2022.05.10"]
[EventType "tourn"]
[EventRounds "9"]
[EventCountry "ESP"]
[EventCategory "6"]
[SourceTitle "CBM 208 Extra"]
[Source "ChessBase"]
[SourceDate "2022.07.31"]
[SourceVersion "1"]
[SourceVersionDate "2022.07.31"]
[SourceQuality "1"]

1. e4 d6 2. d4 Nf6 3. Nc3 e5 4. Nf3 Nbd7 5. Bc4 Be7 6. 0-0 c6 7. a4 h6 8. Re1 Qc7 9. a5 Nf8 10. d5 Ng6 11. a6 b5 12. Bb3 0-0 13. dxc6 Qxc6 14. Nd5 Be6 15. Nh4 Bxd5 16. Nxg6 fxg6 17. exd5 Qd7 18. c3 Bd8 19. h3 Bb6 20. Be3 Rab8 1/2-1/2

[Event "Barcelona 7th"]
[Site "Barcelona"]
[Date "2022.05.13"]
[Round "6"]
[White "Munoz Pantoja, Miguel Angel"]
[Black "Movsziszian, Karen"]
[Result "1/2-1/2"]
[WhiteElo "2421"]
[BlackElo "2467"]
[PlyCount "23"]
[EventDate "2022.05.10"]
[EventType "tourn"]
[EventRounds "9"]
[EventCountry "ESP"]
[EventCategory "6"]
[SourceTitle "CBM 208 Extra"]
[Source "ChessBase"]
[SourceDate "2022.07.31"]
[SourceVersion "1"]
[SourceVersionDate "2022.07.31"]
[SourceQuality "1"]

1. e4 d6 2. d4 Nf6 3. Nc3 g6 4. Bg5 Bg7 5. e5 dxe5 6. dxe5 Ng4 7. Qxd8+ Kxd8 8. Rd1+ Bd7 9. e6 fxe6 10. Bc4 Ke8 11. Nf3 Bc8 12. Nb1 1/2-1/2

[Event "Barcelona 7th"]
[Site "Barcelona"]
[Date "2022.05.12"]
[Round "4"]
[White "Roshka, Yevgeniy"]
[Black "Movsziszian, Karen"]
[Result "1/2-1/2"]
[WhiteElo "2468"]
[BlackElo "2467"]
[PlyCount "78"]
[EventDate "2022.05.10"]
[EventType "tourn"]
[EventRounds "9"]
[EventCountry "ESP"]
[EventCategory "6"]
[SourceTitle "CBM 208 Extra"]
[Source "ChessBase"]
[SourceDate "2022.07.31"]
[SourceVersion "1"]
[SourceVersionDate "2022.07.31"]
[SourceQuality "1"]

1. d4 d6 2. c4 g6 3. Nc3 Bg7 4. e4 Nf6 5. h4 c5 6. d5 e6 7. Be2 exd5 8. exd5 h5 9. Nf3 0-0 10. 0-0 Bg4 11. Ng5 Bxe2 12. Qxe2 Re8 13. Qc2 Nbd7 14. Bf4 Ne5 15. b3 a6 16. a4 Nh7 17. Rae1 Qd7 18. Bg3 Re7 19. Re3 Rae8 20. Rfe1 Ng4 21. Rxe7 Rxe7 22. Rxe7 Qxe7 23. Qe4 Qd7 24. Ne2 Nhf6 25. Qd3 Qe7 26. f3 Nh6 27. Bf4 Nf5 28. g3 Nd7 29. Qe4 Ne5 30. Bd2 Qd7 31. a5 Qd8 32. Kg2 Qd7 33. Bc3 Bf6 34. Nf4 Bg7 35. Kf2 Bf6 36. Kg2 Bg7 37. Kf2 Bf6 38. Kg2 Bg7 39. Ne2 Bf6 1/2-1/2

[Event "Alicante Easter op 6th"]
[Site "Alicante"]
[Date "2022.04.17"]
[Round "9"]
[White "Carbonell Sancho, Marc"]
[Black "Movsziszian, Karen"]
[Result "0-1"]
[WhiteElo "2215"]
[BlackElo "2457"]
[PlyCount "86"]
[EventDate "2022.04.13"]
[EventType "swiss"]
[EventRounds "9"]
[EventCountry "ESP"]
[SourceTitle "CBM 207 Extra"]
[Source "ChessBase"]
[SourceDate "2022.05.31"]
[SourceVersion "1"]
[SourceVersionDate "2022.05.31"]
[SourceQuality "1"]

1. e4 g6 2. d4 Bg7 3. Nc3 d6 4. f4 Nf6 5. a3 0-0 6. Nf3 Nc6 7. d5 Nb8 8. Be2 e6 9. dxe6 Bxe6 10. 0-0 Nc6 11. Bd3 a6 12. Qe1 Bg4 13. Qg3 Qd7 14. Be3 Bxf3 15. Qxf3 Ng4 16. Bd2 Nd4 17. Qh3 f5 18. Rae1 Kh8 19. exf5 gxf5 20. Nd5 Rae8 21. Ne3 Nh6 22. Qh5 d5 23. Nd1 Ne6 24. c3 Nc5 25. Qf3 Ne4 26. Bc1 b5 27. Kh1 Ng4 28. h3 Ngf6 29. Rg1 h5 30. g3 Re7 31. Re2 c5 32. Rh2 d4 33. cxd4 cxd4 34. g4 h4 35. g5 Ng3+ 36. Rxg3 hxg3 37. Qxg3 Qc6+ 38. Rg2 Qxc1 39. Bc2 Nd5 40. Qh4+ Kg8 41. Bb3 Rd8 42. g6 Kf8 43. Qh5 Re1+ 0-1